Holiday Quiz

Random Holiday or Country Quiz

Federal Holidays (US) Quiz Stats

 Plays Quiz Updated Jun 17, 2021

     
Support Sporcle.
Go Orange.
Score 0/11 Timer 04:00
3 Plays Today
Date Holiday % Correct
January 1stNew Year's Day
98.7%
December 25thChristmas Day
98.1%
July 4thIndependence Day
95.2%
Fourth Thursday in NovemberThanksgiving Day
94.9%
First Monday in SeptemberLabor Day
90.3%
Third Monday in FebruaryWashington's Birthday
87.3%
Third Monday in JanuaryBirthday of Martin Luther King, Jr.
84.3%
Last Monday in MayMemorial Day
83.8%
November 11thVeterans Day
75.2%
June 19thJuneteenth National Independence Day
68.9%
Second Monday in OctoberColumbus Day
64.3%

From the Vault

Name the Southern Premier League Teams

by eyes355

Sports 3m
We always like going South. Somehow, it feels like going downhill.
Remove Ads.
Support Sporcle.
Get the best of Sporcle when you Go Orange. This ad-free experience offers more features, more stats, and more fun while also helping to support Sporcle. Thank you for becoming a member.

Show Comments

Extras

Top Quizzes Today


Score Distribution

Your Account Isn't Verified!

In order to create a playlist on Sporcle, you need to verify the email address you used during registration. Go to your Sporcle Settings to finish the process.

Report this User

Report this user for behavior that violates our Community Guidelines.

Details: